| 000 | 00528nam a2200193 a 4500 | ||
|---|---|---|---|
| 005 | 20240809063754.0 | ||
| 008 | 991125s1975 mx 000 0 spa u | ||
| 035 | _aUPN01000001782 | ||
| 049 | _aCG | ||
| 050 | 4 |
_aRA784 _bF5.2 |
|
| 100 | 1 | _aFlores, Edmundo | |
| 245 | 1 | 3 |
_aLa alimentación : _bproblema mundial / _cEdmundo Flores. |
| 260 |
_aMéxico : _bFCE, _c1975. |
||
| 300 |
_a63 p. : _bil |
||
| 440 | 0 |
_aTestimonios del fondo ; _v33 |
|
| 500 | _aDatos tomados de la cubierta | ||
| 650 | 4 |
_aNutrición _92193 |
|
| 905 | _aLibro | ||
| 999 |
_c1782 _d1782 |
||